000 00754nam a22002537a 4500
001 BR9507749
003 BR-BrBNA
005 20230928095114.0
007 ta
008 230509b bl.||||| |||| 00| 0 por d
040 _aBR-BrBNA
_bpor
_cBiblioteca Nacional de Agricultura
041 _a(Por)
072 _aD10
090 _ D10 BR9507749
110 1 _aInstituto de Pesquisas Economicas Aplicadas, Brasilia, DF (Brasil)
_96198
245 1 _aSubsidio para a reforma do estado. Desregulamentacao e novos regulacoes. v. 3
260 3 _aBrasilia, DF (Brasil):
_c[nd].
300 _a[vp]
650 _aReforma Administrativa
650 _aPolitica Governamental
650 _aRegulamentacao
909 _a202309
_bLucia
_c55
_dLucia Elande
942 _cBK
999 _c54556
_d54556